Normal view
MARC view
- الالات العربية والغربية-موسيقى
Entry Topical Term
001 - CONTROL NUMBER
- control field: 19609
003 - CONTROL NUMBER IDENTIFIER
- control field: JO-AjAnu
005 - DATE AND TIME OF LATEST TRANSACTION
- control field: 20230606073426.0
008 - FIXED-LENGTH DATA ELEMENTS
- fixed length control field: 230606|| aca||aabn | a|a d
040 ## - CATALOGING SOURCE
- Original cataloging agency: JO-AjAnu
- Transcribing agency: JO-AjAnu
150 ## - HEADING--TOPICAL TERM
- Topical term or geographic name entry element: الالات العربية والغربية-موسيقى
670 ## - SOURCE DATA FOUND
- Source citation: Work cat.: (JO-AjAnu)10068: عيد،يوسف تأليف / عكاري ،انطوان م.مشارك, author 19608, الموسوعة الموسيقية الشاملة